000 00460nam a2200181 a 4500
001 3881
003 CO-ViMGA
008 141112s2004 ck r 000 u spa d
040 _aCO-ViMGA
_bspa
_cCO-ViMGA
082 0 4 _aENDl
100 1 _aEnde, Michael
_93219
245 1 0 _aLa leyenda de la luna llena
260 _aBarcelona :
_bEl Arca de Junior,
_c1993
300 _a43 p : il
490 _aLa guinda
650 1 4 _aCUENTOS INFANTILES
_92743
942 _2ddc
_cBK
999 _c15899
_d15899